Nigerian laws on taxation 2007 : nigerian laws on public finance volume V (Record no. 33028)

MARC details
000 -LEADER
fixed length control field 00492nam a2200181Ia 4500
020 ## - INTERNATIONAL STANDARD BOOK NUMBER
ISBN 9780760696
050 ## - CALL MARK
Classification number KP 84.5 .Y2/
100 ## - STATEMENT OF RESPONSIBILITY--MAIN AUTHOR NAME
Personal name Yakubu, Nda
245 #0 - TITLE STATEMENT
Title Nigerian laws on taxation 2007 : nigerian laws on public finance volume V
260 ## - PUBLICATION, DISTRIBUTION, ETC. (IMPRINT)
Place of publication Abuja
260 ## - PUBLICATION, DISTRIBUTION, ETC. (IMPRINT)
Name of publisher Nigerian Laws on Public Finance
260 ## - PUBLICATION, DISTRIBUTION, ETC. (IMPRINT)
Year of publication 2007
300 ## - PHYSICAL DESCRIPTION
Number of Pages 413 p
650 ## - SUBJECT ADDED ENTRY--TOPICAL TERM
Topical Term Laws -- Public Finance--taxation
942 ## - ADDED ENTRY ELEMENTS (KOHA)
Koha item type Books
Holdings
Withdrawn status Lost status Source of classification or shelving scheme Damaged status Not for loan Permanent Location Current Location Date acquired Accession Number Price effective from Koha item type
    Library of Congress Classification     NILE UNIVERSITY OF NIGERIA - MAIN LIBRARY NILE UNIVERSITY OF NIGERIA - MAIN LIBRARY 04/23/2025 0004159 04/23/2025 Books